Impero /

Збережено в:
Бібліографічні деталі
Автор: Vidal, Gore (Автор)
Інші автори: Marietti, Benedetta
Формат: Книга
Мова:Італійська мова
Опубліковано: Roma : Fazi, c1998
Серія:Le strade ; 55
Теги: Додати тег
Немає тегів, Будьте першим, хто поставить тег для цього запису!

MARC

LEADER 00000nam a22000007i 4500
001 IT\ICCU\MO1\0001011
003 ItRI
005 20250313215549.0
008 050428s1998 it |||||| ||||| |||||c
020 |a 8881123460 
040 |b ita  |c ARCIGAY RIMINI 
041 7 |a ita  |2 ISO-639-2 
100 1 |a Vidal, Gore  |0 IT\ICCU\CFIV\041949  |4 aut 
245 1 0 |a Impero /  |c Gore Vidal ; traduzione di Benedetta Marietti. 
260 |a Roma :  |b Fazi,  |c c1998 
300 |a 618 p. ;  |c 22 cm. 
700 1 |a Marietti, Benedetta  |0 IT\ICCU\LO1V\209673 
830 3 |a Le strade ;  |v 55  |0 IT\ICCU\LO1\0422396 
942 |2 ddc  |c BK 
952 |0 0  |1 0  |2 ddc  |4 0  |6 813_540000000000000_VID_IMP  |7 1  |9 3661  |a RN  |b RN  |d 2025-03-13  |l 0  |o 813.54 VID IMP  |p 10920  |r 2025-03-13 21:56:23  |w 2025-03-13  |x DONAZIONE DI GIOVANNI RIMONDINI  |y BK  |z DONAZIONE DI GIOVANNI RIMONDINI 
981 1 |6 z01  |a i   |b xxxe  
982 1 |6 z01  |a n 
999 |c 2851  |d 2851